00501nam a2200157Ia 4500008004100000041000800041082001400049100002000063245004000083250001400123260003500137300003200172365000700204999001300211952011900224240624s9999 xx 000 0 und d aeng a658.3 DEC aDECENZO DAVID A aPERSONNEL HUMAN RESOURCE MANAGEMENT a(3rd ed.) c2003aNew DelhibPrentice-Hall axvii, : 637 : p. : cm. ; 24 cRS c130d130 00104070aIMTNbIMTNcRack 24-Bd2004-10-20eJBDg195.00o658.3 DECp130r2024-06-24 00:00:00t1w2024-06-24yBK